Southville International School and Colleges
Your cart is empty.
  • Cart
  • Lists
    Public lists Eva Luna New books Lux_list list_1
    Your lists Log in to create your own lists
  • Log in to your account
  • Your cookies
  • Search history
Southville International School and Colleges
  • Advanced search
  • Recent comments
  • Most popular
  • Libraries

Log in to your account

Log in with GOOGLE


If you do not have an external account, but do have a local account, you can still log in:

  1. Home
  2. MARC view: Superstar stats :
Normal view MARC view ISBD view

Superstar stats : (Record no. 3877)

[ view plain ]
MARC details
000 -LEADER
fixed length control field 00566nam a22001937a 4500
003 - CONTROL NUMBER IDENTIFIER
control field OSt
005 - DATE AND TIME OF LATEST TRANSACTION
control field 20140310181809.0
008 - FIXED-LENGTH DATA ELEMENTS--GENERAL INFORMATION
fixed length control field 130705t xxu||||| |||| 00| 0 eng d
050 ## - LIBRARY OF CONGRESS CALL NUMBER
Classification number CT 21
Item number .M884 2008
082 ## - DEWEY DECIMAL CLASSIFICATION NUMBER
Classification number REF 920.02
Item number M83 2008
245 ## - TITLE STATEMENT
Title Superstar stats :
Remainder of title everything cool about, everyone who's hot! /
Statement of responsibility, etc Jennifer Corr Morse.
260 ## - PUBLICATION, DISTRIBUTION, ETC. (IMPRINT)
Name of publisher, distributor, etc Georgian Bay,
Date of publication, distribution, etc c2008.
300 ## - PHYSICAL DESCRIPTION
Extent 318 p. ;
Other physical details ill, col., photos ;
Dimensions 23 cm.
520 ## - SUMMARY, ETC.
Summary, etc 1. Biography.
521 ## - TARGET AUDIENCE NOTE
Target audience note
541 ## - IMMEDIATE SOURCE OF ACQUISITION NOTE
-- 1
562 ## - COPY AND VERSION IDENTIFICATION NOTE
Number of copies 1
942 ## - ADDED ENTRY ELEMENTS (KOHA)
Source of classification or shelving scheme Library of Congress Classification
Koha item type
Call number prefix
Holdings
Withdrawn status Lost status Source of classification or shelving scheme Damaged status Home library Current library Shelving location Date acquired Total Checkouts Full call number Barcode Date last seen Copy number Price effective from Koha item type
    Library of Congress Classification   Luxembourg Library Luxembourg Library Reference Section 07/05/2013   CT 21 .M884 2008 18018 12/08/2015 1 07/05/2013 Books

Superstar stats :

APA

(2008). Superstar stats. : Georgian Bay.

Chicago

2008. Superstar stats. : Georgian Bay.

Harvard

(2008). Superstar stats. : Georgian Bay.

MLA

Superstar stats. : Georgian Bay. 2008.

  • Print
  • Cite
  • Add to your cart (remove)
  • Save record
    BIBTEX Dublin Core MARCXML MARC (non-Unicode/MARC-8) MARC (Unicode/UTF-8) MARC (Unicode/UTF-8, Standard) MODS (XML) RIS
  • More searches
    Search for this title in:
    Other Libraries (WorldCat) Other Databases (Google Scholar) Online Stores (Bookfinder.com) Open Library (openlibrary.org)

Exporting to Dublin Core...

SOUTHVILLE LIBRARY

Southville International School and Colleges Library

1281 Tropical Ave. Cor. Luxembourg St., BF Homes International, Las Pinas City

Tel. No. 8256374 / 252358 Loc. 117/146

Powered by Koha